Statistics for Amino Acids

Click here to take the quiz!

General Stats

  • This quiz has been taken 12 times
  • The average score is 13 of 20

Answer Stats

Answer% Correct
Arginine
82%
Glutamine
82%
Isoleucine
82%
Leucine
82%
Valine
82%
Lysine
73%
Methionine
73%
Phenylalanine
73%
Alanine
64%
Cysteine
64%
Glutamate
64%
Glycine
64%
Histidine
64%
Serine
64%
Tryptophan
64%
Tyrosine
64%
Asparagine
55%
Proline
55%
Threonine
55%
Aspartate
45%

Score Distribution

Percentile by Number Answered

Percent of People with Each Score

Your Score History

You have not taken this quiz